000 00616nam a22002417a 4500
001 29871
003 UA-OsUOA
005 20220701214420.0
007 ta
008 20041029b un ||||| |||| 00| 0 ukr d
040 _aUA-OsUOA
_brus
_cUA-OsUOA
_dUA-OsUOA
041 _arus
044 _aRU
080 _a81.14'.02
090 _a81.14'.02
_bЛ84
100 _aЛукиан
245 _aИзбранное
_cЛукиан ; сост. И. Нахова
260 _aМосква
_bХудожественная литература
_c1987
300 _a624 с.
650 7 _2UDC
942 _cBK
_2udc
955 _a0
999 _c316270
_d316270